000 00254nam a2200097Ia 4500
001 685041
005 20250826161510.0
008 250824s9999 xx 000 0 und d
245 0 _aYAŞADIĞIM İSTANBUL/S.İLERİ/EVEREST
_cSELİM İLERİ
260 _bEVEREST
999 _c685041
_d685041